| 000 | 00599nam a2200193 4500 | ||
|---|---|---|---|
| 005 | 20260409121639.0 | ||
| 010 | _aENG-148204 | ||
| 020 |
_a9789393785039 _c300.00 |
||
| 035 | _aEN-131736 | ||
| 037 | _aDBAD | ||
| 082 |
_21 _a899.15 |
||
| 100 |
_aSiddiqui, Prof. Mazher Alam _988842 |
||
| 245 |
_aGlimpses of Persian Language and Literature _cProf. Mazher Alam Siddiqui |
||
| 250 | _a1 | ||
| 260 |
_aDaryaganj _bEducational Publishing House |
||
| 270 | _aH.O D1/16 Ansari Road, Daryaganj, New Delhi-110002 | ||
| 300 |
_a138.pg _c22cm(Hb) |
||
| 942 |
_2ddc _cEN _e1 _h899.15 _mSID |
||
| 999 |
_c215836 _d215836 |
||